[Event "Barcelona Tres Peons-C 47th"]
[Site "Barcelona"]
[Date "2018.05.18"]
[Round "4.3"]
[White "Cantero Magallon, Alejandro"]
[Black "Gasull Batiste, Aran"]
[Result "1-0"]
[WhiteElo "1492"]
[BlackElo "1260"]
[PlyCount "31"]
[EventDate "2018.04.27"]
[EventType "tourn"]
[EventRounds "9"]
[EventCountry "ESP"]
[SourceTitle "EXT 2024"]
[Source "ChessBase"]
[SourceDate "2023.10.10"]
[SourceVersion "1"]
[SourceVersionDate "2023.10.10"]
[SourceQuality "1"]

1. d4 d5 2. Nf3 Nf6 3. e3 Bg4 4. c4 c6 5. Nc3 e6 6. h3 Bh5 7. Be2 Be7 8. 0-0 Nbd7 9. a3 0-0 10. Bd2 h6 11. Kh1 Bd6 12. g4 Bg6 13. Rg1 Ne4 14. Qf1 e5 15. dxe5 Nxc3 16. Bxc3 1-0

[Event "ESP-ch U10"]
[Site "Salobrena Granada"]
[Date "2017.07.07"]
[Round "8"]
[White "Villagordo Espinosa, Carlos"]
[Black "Gasull Batiste, Aran"]
[Result "1-0"]
[WhiteElo "1516"]
[BlackElo "1286"]
[PlyCount "80"]
[EventDate "2017.07.03"]
[EventType "swiss"]
[EventRounds "9"]
[EventCountry "ESP"]
[SourceTitle "EXT 2024"]
[Source "ChessBase"]
[SourceDate "2023.10.10"]
[SourceVersion "1"]
[SourceVersionDate "2023.10.10"]
[SourceQuality "1"]

1. Nf3 d5 2. c4 c6 3. Qc2 Nf6 4. g3 g6 5. Bg2 Bg7 6. 0-0 Bf5 7. d3 0-0 8. Nbd2 Re8 9. Qb3 Qb6 10. Qxb6 axb6 11. a3 e6 12. Ne5 Nbd7 13. Nxd7 Nxd7 14. e4 Ne5 15. exf5 Nxd3 16. fxe6 Nxc1 17. exf7+ Kxf7 18. Raxc1 Bxb2 19. Rb1 Bxa3 20. cxd5 Re2 21. dxc6 Rxd2 22. cxb7 Rb8 23. Ra1 Bc5 24. Ra8 Rdd8 25. Rfa1 Ke6 26. Re1+ Kf6 27. Rea1 Re8 28. h4 Bd4 29. R1a4 Bc5 30. Rf4+ Kg7 31. Rfa4 Kf6 32. Kh2 Kg7 33. Bh3 Bxf2 34. Bc8 Re3 35. Rg4 h5 36. Rg5 Re2 37. Rxb8 Be3+ 38. Kh3 Bg1 39. g4 Be3 40. Ra8 Bf4 1-0